| 000 | 01153cam a22003254i 4500 | ||
|---|---|---|---|
| 003 | PE-LiUPU | ||
| 005 | 20250731175632.0 | ||
| 008 | 150625s r 000 0 d | ||
| 035 | _a(Sirsi) a34743 | ||
| 040 |
_aPE-LiUPU _bspa _cPE-LiUPU _erda |
||
| 082 | 0 | 4 |
_a462.03d _bG68 _221 |
| 100 | 1 |
_aGómez de Silva, Guido, _eautor. |
|
| 245 | 1 | 0 |
_aBreve diccionario de la lengua española / _cGuido Gómez de Silva. |
| 264 | 1 |
_aMéxico : _bFondo de Cultura Económica, _c1988 |
|
| 300 |
_a736 páginas, _c24 centímetros |
||
| 336 |
_atext _2rdacontent |
||
| 337 |
_aunmediated _2rdamedia |
||
| 338 |
_avolume _2rdacarrier |
||
| 526 | _aP145 | ||
| 526 | _aP127 | ||
| 526 | _aP97 | ||
| 526 | _aP35 | ||
| 526 | _aP14 | ||
| 526 | _aP07 | ||
| 942 |
_2ddc _cBOOK |
||
| 949 |
_a462.03d G68 _wDEWEY _c1 _i38402 _lCCODEBUL1 _mBUL _p00.00 _r0 _sY _tBOOK _u2015-06-25 _xBIBLIOTECA _zUNKNOWN _0COMPRA _o.STAFF. Colección General |
||
| 596 | _a1 | ||
| 999 |
_a462.03D G68 _wDEWEY _c42633 _i38402 _f2022-5-18 _g4 _lCCODEBUL1 _mBUL _r0 _sY _tBOOK _u2015-6-25 _xEDUCACION _zUNKNOWN _0COMPRA _o.STAFF. Colección General _d42633 |
||
| 980 |
_81 _gALBERTO SANCHEZ Responsable de Automatización |
||